<?xml version="1.0" encoding="UTF-8"?>
<record
    xmlns:xsi="http://www.w3.org/2001/XMLSchema-instance"
    xsi:schemaLocation="http://www.loc.gov/MARC21/slim http://www.loc.gov/standards/marcxml/schema/MARC21slim.xsd"
    xmlns="http://www.loc.gov/MARC21/slim">

  <leader>01241    a2200217   4500</leader>
  <controlfield tag="001">54364</controlfield>
  <controlfield tag="005">20260407155816.0</controlfield>
  <controlfield tag="008">260407a1984    arg                 spa d</controlfield>
  <controlfield tag="003">AR-UNSa-BCEJYS</controlfield>
  <datafield tag="040" ind1=" " ind2=" ">
    <subfield code="a">AR-UNSa-BCEJYS</subfield>
    <subfield code="b">spa</subfield>
    <subfield code="c">AR-UNSa-BCEJYS</subfield>
  </datafield>
  <datafield tag="080" ind1=" " ind2=" ">
    <subfield code="a">338.43</subfield>
    <subfield code="x">Agricultura como una rama de la econom&#xED;a. Econom&#xED;a de los productos alimenticios</subfield>
  </datafield>
  <datafield tag="245" ind1="1" ind2="0">
    <subfield code="a">Econom&#xED;a social agraria</subfield>
    <subfield code="p">teor&#xED;a y acci&#xF3;n del cooperativismo en el &#xE1;mbito rural</subfield>
  </datafield>
  <datafield tag="020" ind1=" " ind2=" ">
    <subfield code="a">950-14-0206-1</subfield>
  </datafield>
  <datafield tag="264" ind1=" " ind2="1">
    <subfield code="a">Buenos Aires :</subfield>
    <subfield code="b">Ediciones Depalma</subfield>
    <subfield code="c">1984</subfield>
  </datafield>
  <datafield tag="300" ind1=" " ind2=" ">
    <subfield code="a">433 p.</subfield>
    <subfield code="c">23 cm.</subfield>
  </datafield>
  <datafield tag="505" ind1=" " ind2=" ">
    <subfield code="a">1. Las l&#xED;neas distintivas del desarrollo Argentino &#x2013; 2. Unidad de explotaci&#xF3;n agraria y concentraci&#xF3;n vertical cooperativa &#x2013; 3. Acci&#xF3;n cooperativa agraria &#x2013; 4. Un lustro de reivindicaciones agrarias: 1928/33 &#x2013; 5. La implantaci&#xF3;n de un sistema general de elevadores de granos &#x2013; 6. La asociaci&#xF3;n de cooperativas Argentinas y la primera red de elevadores de granos en la afluencia al puerto de rosario &#x2013; 7. 1932. La dura batalla &#x2013; 8. La defensa de la producci&#xF3;n agropecuaria &#x2013; 9. Cooperativismo agrario y desarrollo econ&#xF3;mico.</subfield>
  </datafield>
  <datafield tag="041" ind1=" " ind2=" ">
    <subfield code="a">spa</subfield>
  </datafield>
  <datafield tag="942" ind1=" " ind2=" ">
    <subfield code="c">BK</subfield>
  </datafield>
  <datafield tag="590" ind1=" " ind2=" ">
    <subfield code="a">niveau_biblio:m niveau_hierar:0</subfield>
  </datafield>
  <datafield tag="100" ind1="1" ind2=" ">
    <subfield code="a">Carracedo, Orlando</subfield>
  </datafield>
  <datafield tag="999" ind1=" " ind2=" ">
    <subfield code="c">5524</subfield>
    <subfield code="d">5524</subfield>
  </datafield>
  <datafield tag="952" ind1=" " ind2=" ">
    <subfield code="0">0</subfield>
    <subfield code="1">0</subfield>
    <subfield code="4">0</subfield>
    <subfield code="7">0</subfield>
    <subfield code="a">BCEJYS</subfield>
    <subfield code="b">BCEJYS</subfield>
    <subfield code="c">16</subfield>
    <subfield code="d">2026-04-07</subfield>
    <subfield code="l">0</subfield>
    <subfield code="o">338.43 C311</subfield>
    <subfield code="p">L45928</subfield>
    <subfield code="r">2026-04-07 15:58:16</subfield>
    <subfield code="w">2026-04-07</subfield>
    <subfield code="y">L</subfield>
  </datafield>
</record>
